[Event "April 9 Early 2024"]
[Site "Chess.com"]
[Date "2024.04.09"]
[Round "2"]
[White "Perossa, Nicolas"]
[Black "Bashylina, Luisa"]
[Result "1-0"]
[Board "227"]
[WhiteFideId "2850520"]
[BlackFideId "12983292"]
[WhiteTitle "FM"]
[BlackTitle "WFM"]
[WhiteElo "2531"]
[BlackElo "2306"]
[WhiteTeam "ITA"]
[BlackTeam "GER"]
[WhiteClock "0:00:07"]
[BlackClock "0:00:04"]
[Variant "Standard"]

1. c4 {[%clk 0:03:00]}  g6 {[%clk 0:02:53]} 2. d4 {[%clk 0:02:59]}  Bg7 {[%clk 0:02:52]} 3. Nc3 {[%clk 0:02:59]}  Nf6 {[%clk 0:02:50]} 4. e4 {[%clk 0:03:00]}  d6 {[%clk 0:02:51]} 5. Be2 {[%clk 0:02:59]}  O-O {[%clk 0:02:52]} 6. h4 {[%clk 0:02:59]}  c5 {[%clk 0:02:53]} 7. d5 {[%clk 0:02:59]}  e6 {[%clk 0:02:50]} 8. h5 {[%clk 0:02:58]}  exd5 {[%clk 0:02:51]} 9. exd5 {[%clk 0:02:58]}  Re8 {[%clk 0:02:44]} 10. Kf1 {[%clk 0:02:59]}  Ne4 {[%clk 0:02:40]} 11. Nxe4 {[%clk 0:02:55]}  Rxe4 {[%clk 0:02:41]} 12. hxg6 {[%clk 0:02:49]}  fxg6 {[%clk 0:02:42]} 13. Nf3 {[%clk 0:02:46]}  Bg4 {[%clk 0:02:42]} 14. Be3 {[%clk 0:02:37]}  Nd7 {[%clk 0:02:39]} 15. Ng5 {[%clk 0:02:13]}  Rxe3 {[%clk 0:02:12]} 16. Bxg4 {[%clk 0:02:01]}  Qxg5 {[%clk 0:02:10]} 17. fxe3 {[%clk 0:02:01]}  Rf8+ {[%clk 0:02:10]} 18. Bf3 {[%clk 0:01:58]}  Qxe3 {[%clk 0:02:09]} 19. Qe2 {[%clk 0:01:54]}  Qxe2+ {[%clk 0:02:05]} 20. Kxe2 {[%clk 0:01:55]}  Ne5 {[%clk 0:02:03]} 21. Rac1 {[%clk 0:01:45]}  Rf4 {[%clk 0:01:54]} 22. b3 {[%clk 0:01:35]}  h5 {[%clk 0:01:44]} 23. Rcd1 {[%clk 0:01:24]}  h4 {[%clk 0:01:26]} 24. Rdf1 {[%clk 0:01:03]}  g5 {[%clk 0:01:10]} 25. Kd1 {[%clk 0:00:54]}  Rd4+ {[%clk 0:00:57]} 26. Kc2 {[%clk 0:00:53]}  g4 {[%clk 0:00:57]} 27. Bd1 {[%clk 0:00:50]}  Bh6 {[%clk 0:00:50]} 28. Rxh4 {[%clk 0:00:44]}  Rd2+ {[%clk 0:00:50]} 29. Kb1 {[%clk 0:00:40]}  Bg5 {[%clk 0:00:37]} 30. Rh5 {[%clk 0:00:30]}  Be3 {[%clk 0:00:33]} 31. Bc2 {[%clk 0:00:08]}  Rxg2 {[%clk 0:00:30]} 32. Rfh1 {[%clk 0:00:07]}  Rg1+ {[%clk 0:00:20]} 33. Rxg1 {[%clk 0:00:06]}  Bxg1 {[%clk 0:00:21]} 34. Bf5 {[%clk 0:00:04]}  Be3 {[%clk 0:00:17]} 35. Rh4 {[%clk 0:00:03]}  g3 {[%clk 0:00:17]} 36. Rh3 {[%clk 0:00:04]}  Bf2 {[%clk 0:00:17]} 37. Be4 {[%clk 0:00:04]}  Kg7 {[%clk 0:00:17]} 38. Bg2 {[%clk 0:00:04]}  Kg6 {[%clk 0:00:17]} 39. Rh8 {[%clk 0:00:03]}  Ng4 {[%clk 0:00:16]} 40. Rg8+ {[%clk 0:00:04]}  Kf5 {[%clk 0:00:16]} 41. Bh3 {[%clk 0:00:04]}  Kf4 {[%clk 0:00:08]} 42. Rxg4+ {[%clk 0:00:05]}  Kf3 {[%clk 0:00:08]} 43. Rg6 {[%clk 0:00:05]}  Bd4 {[%clk 0:00:07]} 44. Kc2 {[%clk 0:00:05]}  Be5 {[%clk 0:00:08]} 45. Rg8 {[%clk 0:00:05]}  Kf2 {[%clk 0:00:07]} 46. Kd3 {[%clk 0:00:06]}  a6 {[%clk 0:00:06]} 47. Ke4 {[%clk 0:00:06]}  b5 {[%clk 0:00:06]} 48. cxb5 {[%clk 0:00:06]}  axb5 {[%clk 0:00:07]} 49. a4 {[%clk 0:00:06]}  bxa4 {[%clk 0:00:07]} 50. bxa4 {[%clk 0:00:07]}  c4 {[%clk 0:00:08]} 51. a5 {[%clk 0:00:07]}  c3 {[%clk 0:00:09]} 52. Kd3 {[%clk 0:00:07]}  Ke1 {[%clk 0:00:07]} 53. Kc2 {[%clk 0:00:07]}  Kf2 {[%clk 0:00:06]} 54. a6 {[%clk 0:00:08]}  Bd4 {[%clk 0:00:06]} 55. Rf8+ {[%clk 0:00:06]}  Kg1 {[%clk 0:00:06]} 56. Rg8 {[%clk 0:00:05]}  Kf2 {[%clk 0:00:06]} 57. Rg6 {[%clk 0:00:04]}  Kf3 {[%clk 0:00:05]} 58. Rxd6 {[%clk 0:00:04]}  g2 {[%clk 0:00:05]} 59. Bxg2+ {[%clk 0:00:04]}  Kxg2 {[%clk 0:00:06]} 60. Rc6 {[%clk 0:00:05]}  Kf3 {[%clk 0:00:07]} 61. Rxc3+ {[%clk 0:00:05]}  Ke4 {[%clk 0:00:06]} 62. Rc4 {[%clk 0:00:06]}  Kxd5 {[%clk 0:00:04]} 63. Rxd4+ {[%clk 0:00:07]} 1-0

[Event "April 9 Early 2024"]
[Site "Chess.com"]
[Date "2024.04.09"]
[Round "2"]
[White "Le Goff, Ronan"]
[Black "Essing, Arnold"]
[Result "0-1"]
[Board "229"]
[WhiteFideId "612073"]
[BlackFideId "4619862"]
[WhiteTitle "FM"]
[BlackTitle "FM"]
[WhiteElo "2530"]
[BlackElo "2298"]
[WhiteTeam "FRA"]
[BlackTeam "GER"]
[WhiteClock "0:00:16"]
[BlackClock "0:00:11"]
[Variant "Standard"]

1. d4 {[%clk 0:02:57]}  d5 {[%clk 0:03:00]} 2. Bf4 {[%clk 0:02:55]}  e6 {[%clk 0:02:59]} 3. e3 {[%clk 0:02:55]}  Nf6 {[%clk 0:02:59]} 4. Nd2 {[%clk 0:02:54]}  Bd6 {[%clk 0:03:00]} 5. Ngf3 {[%clk 0:02:54]}  O-O {[%clk 0:02:58]} 6. Bd3 {[%clk 0:02:54]}  b6 {[%clk 0:02:58]} 7. O-O {[%clk 0:02:53]}  c5 {[%clk 0:02:52]} 8. Ne5 {[%clk 0:02:50]}  Bb7 {[%clk 0:02:52]} 9. c3 {[%clk 0:02:46]}  Nc6 {[%clk 0:02:52]} 10. Qf3 {[%clk 0:02:30]}  Ne7 {[%clk 0:02:50]} 11. h4 {[%clk 0:02:23]}  Nf5 {[%clk 0:02:45]} 12. Qh3 {[%clk 0:02:15]}  Be7 {[%clk 0:02:42]} 13. Bxf5 {[%clk 0:02:12]}  exf5 {[%clk 0:02:40]} 14. Qxf5 {[%clk 0:02:12]}  Ne4 {[%clk 0:02:26]} 15. Nxe4 {[%clk 0:02:08]}  dxe4 {[%clk 0:02:27]} 16. dxc5 {[%clk 0:02:06]}  Bxc5 {[%clk 0:02:22]} 17. Rad1 {[%clk 0:02:03]}  Qxh4 {[%clk 0:02:18]} 18. Bg3 {[%clk 0:01:50]}  Qh6 {[%clk 0:02:02]} 19. Rd7 {[%clk 0:01:47]}  Bc8 {[%clk 0:01:59]} 20. Nxf7 {[%clk 0:01:47]}  Qc6 {[%clk 0:01:42]} 21. Rfd1 {[%clk 0:01:41]}  Bxd7 {[%clk 0:01:38]} 22. Rxd7 {[%clk 0:01:42]}  Rae8 {[%clk 0:01:28]} 23. Rc7 {[%clk 0:01:24]}  Qe6 {[%clk 0:01:18]} 24. Qxe6 {[%clk 0:01:23]}  Rxe6 {[%clk 0:01:19]} 25. Ng5 {[%clk 0:01:13]}  Re7 {[%clk 0:01:16]} 26. Rxe7 {[%clk 0:01:13]}  Bxe7 {[%clk 0:01:17]} 27. Nxe4 {[%clk 0:01:13]}  Rd8 {[%clk 0:01:16]} 28. Be5 {[%clk 0:01:06]}  Rd1+ {[%clk 0:01:15]} 29. Kh2 {[%clk 0:01:06]}  Rb1 {[%clk 0:01:10]} 30. c4 {[%clk 0:01:01]}  Kf7 {[%clk 0:01:10]} 31. f4 {[%clk 0:00:56]}  Bf6 {[%clk 0:01:09]} 32. Nxf6 {[%clk 0:00:56]}  gxf6 {[%clk 0:01:09]} 33. Bd4 {[%clk 0:00:56]}  Rc1 {[%clk 0:01:02]} 34. b3 {[%clk 0:00:54]}  f5 {[%clk 0:00:52]} 35. Kh3 {[%clk 0:00:39]}  Kg6 {[%clk 0:00:50]} 36. Kg3 {[%clk 0:00:36]}  Kh5 {[%clk 0:00:48]} 37. Kf3 {[%clk 0:00:35]}  Kg6 {[%clk 0:00:33]} 38. Be5 {[%clk 0:00:34]}  Kf7 {[%clk 0:00:30]} 39. g4 {[%clk 0:00:32]}  Kg6 {[%clk 0:00:22]} 40. gxf5+ {[%clk 0:00:30]}  Kxf5 {[%clk 0:00:22]} 41. e4+ {[%clk 0:00:31]}  Ke6 {[%clk 0:00:23]} 42. Bb8 {[%clk 0:00:30]}  a6 {[%clk 0:00:22]} 43. f5+ {[%clk 0:00:30]}  Kf7 {[%clk 0:00:22]} 44. Ba7 {[%clk 0:00:29]}  Rc2 {[%clk 0:00:20]} 45. Bxb6 {[%clk 0:00:26]}  Rxa2 {[%clk 0:00:20]} 46. e5 {[%clk 0:00:26]}  Rb2 {[%clk 0:00:19]} 47. e6+ {[%clk 0:00:26]}  Ke8 {[%clk 0:00:19]} 48. f6 {[%clk 0:00:22]}  Rxb3+ {[%clk 0:00:19]} 49. Ke4 {[%clk 0:00:21]}  Rxb6 {[%clk 0:00:19]} 50. Kd5 {[%clk 0:00:20]}  Rb1 {[%clk 0:00:17]} 51. c5 {[%clk 0:00:20]}  h5 {[%clk 0:00:14]} 52. Kd6 {[%clk 0:00:17]}  Rd1+ {[%clk 0:00:12]} 53. Kc7 {[%clk 0:00:17]}  h4 {[%clk 0:00:12]} 54. c6 {[%clk 0:00:18]}  h3 {[%clk 0:00:12]} 55. Kb8 {[%clk 0:00:16]}  h2 {[%clk 0:00:12]} 56. c7 {[%clk 0:00:17]}  Rc1 {[%clk 0:00:12]} 57. f7+ {[%clk 0:00:17]}  Ke7 {[%clk 0:00:12]} 58. c8=Q {[%clk 0:00:17]}  Rxc8+ {[%clk 0:00:12]} 59. Kxc8 {[%clk 0:00:18]}  h1=Q {[%clk 0:00:12]} 60. f8=Q+ {[%clk 0:00:18]}  Kxf8 {[%clk 0:00:12]} 61. Kd8 {[%clk 0:00:16]}  Qd1+ {[%clk 0:00:11]} 0-1

[Event "April 9 Early 2024"]
[Site "Chess.com"]
[Date "2024.04.09"]
[Round "2"]
[White "Ferey, Antonin"]
[Black "Vincenti, Leonardo"]
[Result "1-0"]
[Board "231"]
[WhiteFideId "36051454"]
[BlackFideId "28550820"]
[WhiteTitle "CM"]
[BlackTitle "CM"]
[WhiteElo "2530"]
[BlackElo "2297"]
[WhiteTeam "FRA"]
[BlackTeam "ITA"]
[WhiteClock "0:00:17"]
[BlackClock "0:00:01"]
[Variant "Standard"]

1. e4 {[%clk 0:02:56]}  e5 {[%clk 0:02:59]} 2. Nc3 {[%clk 0:02:55]}  Nf6 {[%clk 0:02:58]} 3. g3 {[%clk 0:02:55]}  d5 {[%clk 0:02:57]} 4. exd5 {[%clk 0:02:56]}  Nxd5 {[%clk 0:02:57]} 5. Nge2 {[%clk 0:02:57]}  b6 {[%clk 0:02:56]} 6. Bg2 {[%clk 0:02:57]}  Bb7 {[%clk 0:02:56]} 7. O-O {[%clk 0:02:40]}  Nxc3 {[%clk 0:02:54]} 8. Nxc3 {[%clk 0:02:41]}  Bxg2 {[%clk 0:02:53]} 9. Kxg2 {[%clk 0:02:41]}  Be7 {[%clk 0:02:52]} 10. d3 {[%clk 0:02:41]}  O-O {[%clk 0:02:51]} 11. f4 {[%clk 0:02:41]}  exf4 {[%clk 0:02:51]} 12. Bxf4 {[%clk 0:02:42]}  Nd7 {[%clk 0:02:50]} 13. Qf3 {[%clk 0:02:39]}  Nf6 {[%clk 0:02:46]} 14. Rae1 {[%clk 0:02:37]}  Bd6 {[%clk 0:02:46]} 15. Bg5 {[%clk 0:02:36]}  Be7 {[%clk 0:02:31]} 16. Rxe7 {[%clk 0:02:34]}  Qxe7 {[%clk 0:02:31]} 17. Nd5 {[%clk 0:02:25]}  Qe6 {[%clk 0:02:09]} 18. Bxf6 {[%clk 0:02:22]}  gxf6 {[%clk 0:02:10]} 19. Nxf6+ {[%clk 0:02:22]}  Kg7 {[%clk 0:02:03]} 20. Qf4 {[%clk 0:02:04]}  h6 {[%clk 0:01:29]} 21. Rf2 {[%clk 0:01:08]}  Rh8 {[%clk 0:01:25]} 22. Qd4 {[%clk 0:01:01]}  Kf8 {[%clk 0:01:21]} 23. Nd5 {[%clk 0:00:57]}  Rg8 {[%clk 0:01:15]} 24. Nxc7 {[%clk 0:00:48]}  Qc6+ {[%clk 0:01:14]} 25. Nd5 {[%clk 0:00:48]}  Rd8 {[%clk 0:01:05]} 26. c4 {[%clk 0:00:48]}  Rd7 {[%clk 0:00:50]} 27. Qe4 {[%clk 0:00:43]}  Rg5 {[%clk 0:00:41]} 28. h4 {[%clk 0:00:21]}  Rg6 {[%clk 0:00:38]} 29. Qe5 {[%clk 0:00:19]}  Rg7 {[%clk 0:00:17]} 30. Qb8+ {[%clk 0:00:16]}  Rd8 {[%clk 0:00:13]} 31. Qxd8+ {[%clk 0:00:16]}  Qe8 {[%clk 0:00:12]} 32. Qd6+ {[%clk 0:00:16]}  Kg8 {[%clk 0:00:12]} 33. Nf6+ {[%clk 0:00:16]}  Kh8 {[%clk 0:00:12]} 34. Nxe8 {[%clk 0:00:17]}  Rg8 {[%clk 0:00:13]} 35. Qf6+ {[%clk 0:00:17]}  Kh7 {[%clk 0:00:13]} 36. Qxf7+ {[%clk 0:00:17]}  Kh8 {[%clk 0:00:13]} 37. Qf6+ {[%clk 0:00:16]}  Kh7 {[%clk 0:00:13]} 38. Re2 {[%clk 0:00:16]}  Rxg3+ {[%clk 0:00:04]} 39. Kxg3 {[%clk 0:00:16]}  h5 {[%clk 0:00:01]} 40. Re7+ {[%clk 0:00:17]}  Kg8 {[%clk 0:00:01]} 41. Qg7# {[%clk 0:00:17]} 1-0

[Event "April 9 Early 2024"]
[Site "Chess.com"]
[Date "2024.04.09"]
[Round "2"]
[White "Kochiev, Ivan"]
[Black "Cueto, Jonny"]
[Result "1-0"]
[Board "233"]
[WhiteFideId "2917890"]
[BlackFideId "3300145"]
[WhiteTitle "CM"]
[BlackTitle "IM"]
[WhiteElo "2528"]
[BlackElo "2294"]
[WhiteTeam "BUL"]
[BlackTeam "BOL"]
[WhiteClock "0:01:58"]
[BlackClock "0:00:00"]
[Variant "Standard"]

1. e4 {[%clk 0:03:00]}  e6 {[%clk 0:02:55]} 2. d4 {[%clk 0:02:59]}  d5 {[%clk 0:02:50]} 3. Nd2 {[%clk 0:02:59]}  h6 {[%clk 0:02:48]} 4. c3 {[%clk 0:02:59]}  Nf6 {[%clk 0:02:40]} 5. e5 {[%clk 0:02:55]}  Nfd7 {[%clk 0:02:41]} 6. Bd3 {[%clk 0:02:56]}  c5 {[%clk 0:02:40]} 7. f4 {[%clk 0:02:57]}  Nc6 {[%clk 0:02:40]} 8. Ne2 {[%clk 0:02:57]}  Qb6 {[%clk 0:02:39]} 9. Nf3 {[%clk 0:02:57]}  a6 {[%clk 0:02:32]} 10. O-O {[%clk 0:02:56]}  Be7 {[%clk 0:02:25]} 11. Kh1 {[%clk 0:02:56]}  Qc7 {[%clk 0:02:24]} 12. f5 {[%clk 0:02:53]}  b5 {[%clk 0:02:21]} 13. fxe6 {[%clk 0:02:53]}  fxe6 {[%clk 0:02:20]} 14. Nf4 {[%clk 0:02:45]}  Nf8 {[%clk 0:02:17]} 15. Ng6 {[%clk 0:02:45]}  Nxg6 {[%clk 0:02:02]} 16. Bxg6+ {[%clk 0:02:46]}  Kd8 {[%clk 0:02:03]} 17. Be3 {[%clk 0:02:41]}  c4 {[%clk 0:01:56]} 18. b3 {[%clk 0:02:37]}  Bd7 {[%clk 0:01:51]} 19. a4 {[%clk 0:02:36]}  bxa4 {[%clk 0:01:45]} 20. bxc4 {[%clk 0:02:35]}  dxc4 {[%clk 0:01:43]} 21. Be4 {[%clk 0:02:32]}  Rf8 {[%clk 0:01:22]} 22. Nd2 {[%clk 0:02:28]}  Rxf1+ {[%clk 0:00:28]} 23. Qxf1 {[%clk 0:02:29]}  Bg5 {[%clk 0:00:28]} 24. Bxg5+ {[%clk 0:02:24]}  hxg5 {[%clk 0:00:29]} 25. Nxc4 {[%clk 0:02:25]}  Rb8 {[%clk 0:00:23]} 26. Nd6 {[%clk 0:02:22]}  Be8 {[%clk 0:00:17]} 27. Qf8 {[%clk 0:02:18]}  Qe7 {[%clk 0:00:12]} 28. Qxe8+ {[%clk 0:02:18]}  Qxe8 {[%clk 0:00:12]} 29. Nxe8 {[%clk 0:02:19]}  Na5 {[%clk 0:00:08]} 30. Nxg7 {[%clk 0:02:11]}  Nb3 {[%clk 0:00:06]} 31. Rxa4 {[%clk 0:02:10]}  Nd2 {[%clk 0:00:07]} 32. Bd3 {[%clk 0:02:08]}  Rb2 {[%clk 0:00:02]} 33. h3 {[%clk 0:02:07]}  Nb3 {[%clk 0:00:02]} 34. Nxe6+ {[%clk 0:02:07]}  Ke7 {[%clk 0:00:02]} 35. Rxa6 {[%clk 0:02:05]}  Rd2 {[%clk 0:00:00]} 36. Ra7+ {[%clk 0:01:58]} 1-0

[Event "April 9 Early 2024"]
[Site "Chess.com"]
[Date "2024.04.09"]
[Round "2"]
[White "Mizzi, Jack"]
[Black "Jimenez, Maria"]
[Result "0-1"]
[Board "234"]
[WhiteFideId "5602521"]
[BlackFideId "3843866"]
[WhiteTitle "CM"]
[BlackTitle "WFM"]
[WhiteElo "2526"]
[BlackElo "2287"]
[WhiteTeam "MLT"]
[BlackTeam "PER"]
[WhiteClock "0:00:02"]
[BlackClock "0:00:04"]
[Variant "Standard"]

1. d4 {[%clk 0:02:28]}  d5 {[%clk 0:02:52]} 2. c4 {[%clk 0:02:28]}  c6 {[%clk 0:02:49]} 3. Nf3 {[%clk 0:02:29]}  Nf6 {[%clk 0:02:46]} 4. Nbd2 {[%clk 0:02:27]}  Bf5 {[%clk 0:02:33]} 5. Nh4 {[%clk 0:02:26]}  Be4 {[%clk 0:01:42]} 6. e3 {[%clk 0:02:24]}  e6 {[%clk 0:01:38]} 7. Be2 {[%clk 0:02:23]}  Nbd7 {[%clk 0:01:29]} 8. O-O {[%clk 0:02:22]}  Bd6 {[%clk 0:01:27]} 9. f3 {[%clk 0:02:14]}  Bg6 {[%clk 0:01:22]} 10. f4 {[%clk 0:02:08]}  Ne4 {[%clk 0:01:18]} 11. Nxg6 {[%clk 0:02:04]}  hxg6 {[%clk 0:01:18]} 12. Nxe4 {[%clk 0:02:03]}  dxe4 {[%clk 0:01:18]} 13. g3 {[%clk 0:01:50]}  g5 {[%clk 0:00:53]} 14. Qc2 {[%clk 0:01:39]}  gxf4 {[%clk 0:00:46]} 15. exf4 {[%clk 0:01:38]}  Nf6 {[%clk 0:00:44]} 16. Be3 {[%clk 0:01:33]}  Qc7 {[%clk 0:00:33]} 17. Rac1 {[%clk 0:01:28]}  O-O {[%clk 0:00:12]} 18. a3 {[%clk 0:01:19]}  c5 {[%clk 0:00:13]} 19. Rfd1 {[%clk 0:01:16]}  cxd4 {[%clk 0:00:11]} 20. Bxd4 {[%clk 0:01:16]}  Bc5 {[%clk 0:00:11]} 21. Kh1 {[%clk 0:01:14]}  Bxd4 {[%clk 0:00:10]} 22. Rxd4 {[%clk 0:01:15]}  e5 {[%clk 0:00:11]} 23. fxe5 {[%clk 0:01:13]}  Qxe5 {[%clk 0:00:11]} 24. Rcd1 {[%clk 0:01:13]}  Rfe8 {[%clk 0:00:10]} 25. Qc3 {[%clk 0:01:08]}  Rac8 {[%clk 0:00:10]} 26. b4 {[%clk 0:01:04]}  e3 {[%clk 0:00:08]} 27. Qd3 {[%clk 0:00:56]}  Ne4 {[%clk 0:00:08]} 28. Qxe3 {[%clk 0:00:47]}  Nxg3+ {[%clk 0:00:07]} 29. Qxg3 {[%clk 0:00:47]}  Qxe2 {[%clk 0:00:05]} 30. Rg1 {[%clk 0:00:41]}  g6 {[%clk 0:00:05]} 31. c5 {[%clk 0:00:31]}  b6 {[%clk 0:00:02]} 32. Rg4 {[%clk 0:00:25]}  Re3 {[%clk 0:00:01]} 33. Rxg6+ {[%clk 0:00:24]}  fxg6 {[%clk 0:00:02]} 34. Qxg6+ {[%clk 0:00:24]}  Kf8 {[%clk 0:00:03]} 35. Qg8+ {[%clk 0:00:20]}  Ke7 {[%clk 0:00:04]} 36. Rg7+ {[%clk 0:00:18]}  Kf6 {[%clk 0:00:04]} 37. Qf7+ {[%clk 0:00:13]}  Ke5 {[%clk 0:00:05]} 38. Rg5+ {[%clk 0:00:08]}  Kd4 {[%clk 0:00:05]} 39. Qf6+ {[%clk 0:00:01]}  Kd3 {[%clk 0:00:05]} 40. Qf5+ {[%clk 0:00:01]}  Re4 {[%clk 0:00:04]} 41. Rg3+ {[%clk 0:00:01]}  Kc4 {[%clk 0:00:04]} 42. Qxc8 {[%clk 0:00:01]}  Qf1+ {[%clk 0:00:03]} 43. Rg1 {[%clk 0:00:01]}  Qf3+ {[%clk 0:00:04]} 44. Rg2 {[%clk 0:00:02]}  Re1# {[%clk 0:00:04]} 0-1

[Event "April 9 Early 2024"]
[Site "Chess.com"]
[Date "2024.04.09"]
[Round "2"]
[White "Dubreuil, Julien"]
[Black "Karwowski, Kacper"]
[Result "1-0"]
[Board "235"]
[WhiteFideId "621285"]
[BlackFideId "1126032"]
[WhiteTitle "FM"]
[BlackTitle "CM"]
[WhiteElo "2277"]
[BlackElo "2526"]
[WhiteTeam "FRA"]
[BlackTeam "POL"]
[WhiteClock "0:00:27"]
[BlackClock "0:00:01"]
[Variant "Standard"]

1. e4 {[%clk 0:03:00]}  d6 {[%clk 0:02:51]} 2. d4 {[%clk 0:03:00]}  g6 {[%clk 0:02:49]} 3. Nc3 {[%clk 0:03:00]}  Bg7 {[%clk 0:02:49]} 4. Be3 {[%clk 0:03:00]}  Nd7 {[%clk 0:02:48]} 5. Qd2 {[%clk 0:03:00]}  b6 {[%clk 0:02:48]} 6. O-O-O {[%clk 0:02:59]}  Bb7 {[%clk 0:02:49]} 7. Kb1 {[%clk 0:02:59]}  e6 {[%clk 0:02:36]} 8. h4 {[%clk 0:02:58]}  h5 {[%clk 0:02:32]} 9. Nh3 {[%clk 0:02:58]}  Ne7 {[%clk 0:02:32]} 10. Ng5 {[%clk 0:02:58]}  d5 {[%clk 0:02:18]} 11. f3 {[%clk 0:02:56]}  a6 {[%clk 0:02:12]} 12. g4 {[%clk 0:02:54]}  b5 {[%clk 0:01:41]} 13. gxh5 {[%clk 0:02:53]}  Rxh5 {[%clk 0:01:41]} 14. Bh3 {[%clk 0:02:48]}  Nf8 {[%clk 0:01:06]} 15. Bg4 {[%clk 0:02:44]}  Rh8 {[%clk 0:01:06]} 16. h5 {[%clk 0:02:40]}  gxh5 {[%clk 0:01:07]} 17. Bxh5 {[%clk 0:02:39]}  Neg6 {[%clk 0:01:05]} 18. Qg2 {[%clk 0:02:28]}  Qe7 {[%clk 0:00:52]} 19. e5 {[%clk 0:02:17]}  O-O-O {[%clk 0:00:50]} 20. f4 {[%clk 0:02:17]}  Qb4 {[%clk 0:00:32]} 21. Nxf7 {[%clk 0:02:00]}  Rxh5 {[%clk 0:00:32]} 22. Rxh5 {[%clk 0:01:54]}  Rd7 {[%clk 0:00:33]} 23. Ng5 {[%clk 0:01:47]}  Nxe5 {[%clk 0:00:26]} 24. fxe5 {[%clk 0:01:43]}  Bxe5 {[%clk 0:00:26]} 25. Nf3 {[%clk 0:01:09]}  Bd6 {[%clk 0:00:24]} 26. Rh8 {[%clk 0:01:06]}  Rd8 {[%clk 0:00:24]} 27. Ng5 {[%clk 0:00:59]}  c5 {[%clk 0:00:21]} 28. Nf7 {[%clk 0:00:59]}  cxd4 {[%clk 0:00:18]} 29. Rxd4 {[%clk 0:00:55]}  Qc5 {[%clk 0:00:13]} 30. Re4 {[%clk 0:00:47]}  Qc7 {[%clk 0:00:08]} 31. Nxd6+ {[%clk 0:00:41]}  Qxd6 {[%clk 0:00:08]} 32. Rd4 {[%clk 0:00:40]}  e5 {[%clk 0:00:08]} 33. Ne4 {[%clk 0:00:35]}  Qe7 {[%clk 0:00:02]} 34. Bg5 {[%clk 0:00:34]}  Qe6 {[%clk 0:00:01]} 35. Bxd8 {[%clk 0:00:33]}  exd4 {[%clk 0:00:02]} 36. Rxf8 {[%clk 0:00:32]}  dxe4 {[%clk 0:00:02]} 37. Bb6+ {[%clk 0:00:28]}  Kd7 {[%clk 0:00:03]} 38. Bxd4 {[%clk 0:00:27]}  Qd6 {[%clk 0:00:02]} 39. Qg7+ {[%clk 0:00:27]}  Kc6 {[%clk 0:00:01]} 40. Rf6 {[%clk 0:00:27]} 1-0

[Event "April 9 Early 2024"]
[Site "Chess.com"]
[Date "2024.04.09"]
[Round "2"]
[White "Sai Han Thiha"]
[Black "Yevchenko, Oleksandr"]
[Result "1-0"]
[Board "238"]
[WhiteFideId "13012290"]
[BlackFideId "14108267"]
[WhiteTitle "FM"]
[BlackTitle "CM"]
[WhiteElo "2520"]
[BlackElo "2268"]
[WhiteTeam "MYA"]
[BlackTeam "UKR"]
[WhiteClock "0:00:54"]
[BlackClock "0:00:43"]
[Variant "Standard"]

1. Nf3 {[%clk 0:03:00]}  d5 {[%clk 0:02:59]} 2. g3 {[%clk 0:03:01]}  c5 {[%clk 0:02:59]} 3. Bg2 {[%clk 0:03:01]}  Nc6 {[%clk 0:02:59]} 4. d4 {[%clk 0:03:02]}  e6 {[%clk 0:02:59]} 5. O-O {[%clk 0:03:01]}  Nf6 {[%clk 0:02:58]} 6. c4 {[%clk 0:03:02]}  cxd4 {[%clk 0:02:56]} 7. Nxd4 {[%clk 0:03:01]}  Bc5 {[%clk 0:02:56]} 8. Nb3 {[%clk 0:02:57]}  Be7 {[%clk 0:02:55]} 9. Nc3 {[%clk 0:02:56]}  dxc4 {[%clk 0:02:35]} 10. Qxd8+ {[%clk 0:02:55]}  Nxd8 {[%clk 0:02:24]} 11. Na5 {[%clk 0:02:39]}  O-O {[%clk 0:02:16]} 12. Bf4 {[%clk 0:02:11]}  Nd7 {[%clk 0:01:56]} 13. Bc7 {[%clk 0:01:50]}  Nb6 {[%clk 0:01:36]} 14. Rfd1 {[%clk 0:01:42]}  Nd5 {[%clk 0:01:09]} 15. Bxd5 {[%clk 0:01:03]}  exd5 {[%clk 0:01:10]} 16. Nxd5 {[%clk 0:01:04]}  Bg5 {[%clk 0:00:48]} 17. f4 {[%clk 0:00:57]}  Ne6 {[%clk 0:00:43]} 18. fxg5 {[%clk 0:00:54]} 1-0

[Event "April 9 Early 2024"]
[Site "Chess.com"]
[Date "2024.04.09"]
[Round "2"]
[White "Afanasieva, Alexandra"]
[Black "Kostiukov, Alexandr"]
[Result "1-0"]
[Board "240"]
[WhiteFideId "34126926"]
[BlackFideId "14108100"]
[WhiteTitle "WFM"]
[WhiteElo "2519"]
[BlackElo "2265"]
[WhiteTeam "RUS"]
[BlackTeam "UKR"]
[WhiteClock "0:00:47"]
[BlackClock "0:00:11"]
[Variant "Standard"]

1. e4 {[%clk 0:03:00]}  c5 {[%clk 0:02:58]} 2. c4 {[%clk 0:02:59]}  g6 {[%clk 0:02:58]} 3. Nc3 {[%clk 0:03:00]}  Bg7 {[%clk 0:02:58]} 4. d3 {[%clk 0:03:00]}  e6 {[%clk 0:02:58]} 5. g3 {[%clk 0:03:01]}  Ne7 {[%clk 0:02:58]} 6. Bg2 {[%clk 0:03:02]}  O-O {[%clk 0:02:58]} 7. Nge2 {[%clk 0:03:02]}  Nbc6 {[%clk 0:02:56]} 8. O-O {[%clk 0:03:02]}  b6 {[%clk 0:02:56]} 9. f4 {[%clk 0:03:03]}  Bb7 {[%clk 0:02:56]} 10. h3 {[%clk 0:03:03]}  Nd4 {[%clk 0:02:54]} 11. g4 {[%clk 0:03:04]}  d5 {[%clk 0:02:51]} 12. cxd5 {[%clk 0:03:03]}  exd5 {[%clk 0:02:49]} 13. e5 {[%clk 0:03:03]}  Nxe2+ {[%clk 0:02:43]} 14. Nxe2 {[%clk 0:02:57]}  Qd7 {[%clk 0:02:44]} 15. d4 {[%clk 0:02:56]}  f6 {[%clk 0:02:37]} 16. Be3 {[%clk 0:02:54]}  cxd4 {[%clk 0:02:34]} 17. Bxd4 {[%clk 0:02:49]}  fxe5 {[%clk 0:02:33]} 18. Bxe5 {[%clk 0:02:48]}  Bxe5 {[%clk 0:02:33]} 19. fxe5 {[%clk 0:02:48]}  Rxf1+ {[%clk 0:02:32]} 20. Qxf1 {[%clk 0:02:47]}  Nc6 {[%clk 0:02:24]} 21. Qf6 {[%clk 0:02:38]}  Re8 {[%clk 0:02:12]} 22. Rf1 {[%clk 0:02:22]}  Nxe5 {[%clk 0:02:09]} 23. Nd4 {[%clk 0:02:20]}  Nc4 {[%clk 0:01:56]} 24. Nf5 {[%clk 0:01:43]}  gxf5 {[%clk 0:01:28]} 25. Rxf5 {[%clk 0:01:42]}  Ne5 {[%clk 0:01:21]} 26. Rxe5 {[%clk 0:01:32]}  Rxe5 {[%clk 0:01:17]} 27. Qxe5 {[%clk 0:01:33]}  Qc6 {[%clk 0:01:12]} 28. g5 {[%clk 0:01:21]}  Kf7 {[%clk 0:00:54]} 29. h4 {[%clk 0:01:19]}  Qe6 {[%clk 0:00:51]} 30. Qc7+ {[%clk 0:01:14]}  Qe7 {[%clk 0:00:50]} 31. Qf4+ {[%clk 0:01:14]}  Kg7 {[%clk 0:00:45]} 32. h5 {[%clk 0:01:11]}  Bc6 {[%clk 0:00:42]} 33. Bf3 {[%clk 0:01:06]}  Qe6 {[%clk 0:00:33]} 34. Kg2 {[%clk 0:01:02]}  h6 {[%clk 0:00:27]} 35. g6 {[%clk 0:00:56]}  Bd7 {[%clk 0:00:24]} 36. Qd4+ {[%clk 0:00:52]}  Qf6 {[%clk 0:00:24]} 37. Qxf6+ {[%clk 0:00:48]}  Kxf6 {[%clk 0:00:23]} 38. Bxd5 {[%clk 0:00:48]}  Bg4 {[%clk 0:00:22]} 39. Bf3 {[%clk 0:00:48]}  Be6 {[%clk 0:00:21]} 40. a3 {[%clk 0:00:48]}  a5 {[%clk 0:00:20]} 41. Kf2 {[%clk 0:00:49]}  b5 {[%clk 0:00:20]} 42. Ke3 {[%clk 0:00:49]}  b4 {[%clk 0:00:21]} 43. axb4 {[%clk 0:00:49]}  axb4 {[%clk 0:00:21]} 44. Kd4 {[%clk 0:00:49]}  Bg8 {[%clk 0:00:11]} 45. Bd5 {[%clk 0:00:47]} 1-0